Pays du monde par emblème - Statistiques

Statistiques générales
  • Ce quiz a été pris 6 506 fois
    6 491 depuis la dernière actualisation
  • Le résultat moyen est 51 sur 196
Statistiques - réponses
Par images Réponse % Correct
Suisse
93%
États-Unis
85%
France
82%
Espagne
79%
Belgique
76%
Australie
73%
Albanie
67%
Chine
66%
Croatie
66%
Mexique
66%
Turquie
64%
Allemagne
63%
Bosnie-Herzégovine
61%
Kosovo
61%
Slovaquie
61%
Argentine
60%
Autriche
58%
Islande
58%
Corée du Sud
57%
Égypte
57%
Portugal
56%
Slovénie
53%
Irak
52%
Iran
52%
Liban
52%
Syrie
52%
Émirats arabes unis
48%
Pologne
48%
Éthiopie
47%
Israël
47%
Royaume-Uni
47%
Kenya
45%
Madagascar
45%
Malte
45%
Tunisie
45%
Équateur
44%
Nouvelle-Zélande
44%
Panama
43%
Canada
42%
Colombie
42%
Niger
41%
Salvador
41%
Brésil
40%
Russie
40%
Serbie
40%
Ukraine
40%
Bolivie
39%
Grèce
39%
Népal
39%
République dominicaine
39%
Cameroun
38%
Irlande
38%
Hongrie
37%
Maroc
37%
Viêt Nam
37%
Algérie
36%
Nicaragua
36%
Biélorussie
35%
Haïti
35%
Philippines
35%
République centrafricaine
35%
Taïwan
35%
Inde
34%
Andorre
33%
Côte d'Ivoire
33%
Kiribati
33%
Namibie
33%
Maldives
32%
Mozambique
32%
Yémen
32%
Burkina Faso
31%
Mauritanie
31%
Pakistan
31%
Somalie
31%
Sri Lanka
31%
Corée du Nord
30%
Saint-Marin
30%
Togo
30%
Koweït
29%
Laos
29%
Ouzbékistan
29%
Turkménistan
29%
Tanzanie
28%
Afghanistan
27%
Birmanie
27%
Uruguay
27%
Venezuela
27%
Guinée
26%
Pays-Bas
26%
Tadjikistan
26%
Monténégro
24%
Vatican
24%
Moldavie
23%
Bahreïn
22%
Bulgarie
22%
Pérou
22%
Italie
21%
Chili
20%
Mongolie
20%
Belize
19%
Guatemala
19%
Kazakhstan
19%
R. D. Congo
19%
Japon
18%
Kirghizistan
18%
Thaïlande
18%
Tonga
18%
Costa Rica
17%
Jordanie
17%
Roumanie
17%
Singapour
17%
Cambodge
16%
Qatar
16%
République tchèque
16%
Afrique du Sud
15%
Eswatini
15%
Géorgie
15%
Luxembourg
15%
Monaco
15%
Paraguay
15%
République du Congo
15%
Sénégal
15%
Suède
15%
Azerbaïdjan
14%
Brunei
14%
Danemark
14%
Guinée équatoriale
14%
Honduras
14%
Oman
14%
Angola
13%
Arabie saoudite
13%
Botswana
13%
Ghana
13%
Norvège
13%
Samoa
13%
Bhoutan
12%
Comores
12%
Finlande
12%
Mali
12%
Zimbabwe
12%
Érythrée
11%
Libye
11%
Malaisie
11%
Timor oriental
11%
Gabon
10%
Liechtenstein
10%
Lituanie
10%
Zambie
10%
Arménie
9%
Fidji
9%
Micronésie
9%
Ouganda
9%
Soudan
9%
Palaos
8%
Tuvalu
8%
Cap-Vert
7%
Estonie
7%
Îles Marshall
7%
Indonésie
7%
Lettonie
7%
Libéria
7%
Papouasie-Nouvelle-Guinée
7%
Soudan du Sud
7%
Antigua-et-Barbuda
6%
Dominique
6%
Guinée-Bissau
6%
Île Maurice
6%
Macédoine du Nord
6%
Nigeria
6%
Rwanda
6%
Bahamas
5%
Bangladesh
5%
Bénin
5%
Chypre
5%
Nauru
5%
Tchad
5%
Cuba
4%
Djibouti
4%
Grenade
4%
Jamaïque
4%
Lesotho
4%
Malawi
4%
Saint-Vincent-et-les-Grenadines
4%
Sao Tomé-et-Principe
4%
Seychelles
4%
Trinité-et-Tobago
4%
Vanuatu
4%
Barbade
3%
Burundi
3%
Gambie
3%
Guyana
3%
Îles Salomon
3%
Saint-Christophe-et-Niévès
3%
Sainte-Lucie
3%
Sierra Leone
3%
Suriname
3%
Aucun quiz correspondant
Distribution des résultats
% des personnes avec chaque résultat
Percentile par nombre de réponses
Votre historique - résultats
Vous n’avez pas pris ce quiz depuis la dernière actualisation